000 00519nam a2200181Ia 4500
999 _c10968
_d10968
003 OSt
005 20191218140906.0
008 190216s9999||||xx |||||||||||||| ||und||
020 _a9780195691665
040 _coclc
082 _a337
_bMAR/I
100 _aMarrewijk, Van Charles
_9559
245 0 _aInternational Economics /
_c Van Charles Marrewijk
260 _bOxford University Press,
_aDelhi:
_c2007.
300 _a691p
650 _aEconomics
942 _cBK
_2ddc
_h337
_iMAR/I
_k337
_mMAR/I